Leyes N§s 19.501 a 19.525: decretos con fuerza de ley

Guardado en:
Detalles Bibliográficos
Formato: Libro
Lenguaje:español
Publicado: Santiago Jurídica de Chile 1998
Colección:Colección Textos Legales, 150
Materias:
Etiquetas: Agregar Etiqueta
Sin Etiquetas, Sea el primero en etiquetar este registro!

MARC

LEADER 00000nam a2200000 a 4500
001 UCQ2567
003 CL-VaPUC
008 980724e19980000CL |||||||||||||||||spa|d
082 0 4 |a 348.022  |b LEY  |2 21 
245 1 0 |a Leyes N§s 19.501 a 19.525: decretos con fuerza de ley 
300 |a 315 p 
942 |c BK 
945 |d 19980724 00:00:00  |a aarredon 
260 |a Santiago  |b Jurídica de Chile  |c 1998 
650 7 |a DERECHO  |2 CL-VaPUC  |9 416513 
650 7 |a LEGISLACION  |2 CL-VaPUC  |9 416514 
650 7 |a DECRETO SUPREMO  |2 CL-VaPUC  |9 416515 
650 7 |a DECRETO CON FUERZA DE LEY  |2 CL-VaPUC  |9 358086 
650 0 |a Leyes  |9 256670 
650 7 |a REGLAMENTOS  |2 CL-VaPUC  |9 259254 
650 0 |a Código penal  |9 255935 
650 7 |a CODIGO DE PROCEDIMIENTO PENAL  |2 CL-VaPUC  |9 256474 
651 7 |a CHILE  |2 CL-VaPUC  |9 416516 
583 |a last modification  |c 19980724 00:00:00  |k Rodrigo Vera 
490 0 |a Colección Textos Legales, 150 
999 |c 273371  |d 273369